| 000 | 00000nam##2200000za#4500 |
| 001 | 9.606667 |
| 003 | CaOODSP |
| 005 | 20210624212735 |
| 007 | cr ||||||||||| |
| 008 | 150406|1992||||xxc|||||o f|0| 0 fre|d |
| 022 | |a1488-545X |
| 040 | |aCaOODSP|bfre |
| 043 | |an-cn--- |
| 086 | 1 |aFs97-6/1882F-PDF |
| 110 | 1 |aCanada. |bMinistère des pêches et des océans. |
| 245 | 10|aÉvaluation des effets des interdictions de pêcher les mollusques, sur les parcs coquilliers, l'aquaculture et l'habitat, au moyen d'un système d'information géographique / |h[ressource électronique]|cpar John A. Legault. |
| 260 | |aHalifax - Nouvelle-Écosse : |bPêches et Océans Canada |c1992. |
| 300 | |a16p.|bfigures, références, tableaux |
| 490 | 1 |aRapport technique canadien des sciences halieutiques et aquatiques|x1488-545X|vN° 1882 |
| 500 | |aSur la p. de t. : Division de la gestion de l'habitat, Direction de la gestion de l'habitat et du poisson, MPO - Région du Golfe. Le n° de catalogue et l'ISSN de l'édition imprimée apparaissent dans cette version électronique. |
| 546 | |a(Abstract in English). |
| 590 | |a14-05-Supp|b2014-02-26 |
| 720 | 1 |aLegault, John A. |
| 775 | 08|tUsing a geographic information system to evaluate the effects of shellfish closures on shellfish leases, aquaculture and habitat availability / |w(CaOODSP)9.578975 |
| 830 | #0|aRapport technique canadien des sciences halieutiques et aquatiques,|x1488-545X|vN° 1882|w(CaOODSP)9.500867 |
| 856 | 40|ahttp://publications.gc.ca|qPDF|s861 Ko|uhttps://publications.gc.ca/collections/collection_2014/mpo-dfo/Fs97-6-1882-fra.pdf|yN° 1882 |